[Event "SRB-chT (Women)"]
[Site "Valjevo"]
[Date "2012.09.25"]
[Round "9.2"]
[White "Maric, Mirjana"]
[Black "Miladinovic, Lena"]
[Result "1/2-1/2"]
[WhiteElo "2276"]
[BlackElo "2112"]
[PlyCount "71"]
[EventDate "2012.09.17"]
[EventType "team-tourn"]
[EventRounds "11"]
[EventCountry "SRB"]
[SourceTitle "CBM 150 Extra"]
[Source "ChessBase"]
[SourceDate "2012.10.19"]
[SourceVersion "1"]
[SourceVersionDate "2012.10.19"]
[SourceQuality "1"]
[WhiteTeam "Goracici Jelica (W)"]
[BlackTeam "Mitrovica Rudar (W)"]
[WhiteTeamCountry "SRB"]
[BlackTeamCountry "SRB"]

1. e4 c5 2. Nf3 e6 3. c3 Nc6 4. d4 d5 5. exd5 exd5 6. Bb5 Bd6 7. 0-0 Nf6 8. dxc5 Bxc5 9. Bg5 Be6 10. Nbd2 0-0 11. Nb3 Bb6 12. Nbd4 Nxd4 13. Nxd4 h6 14. Bh4 g5 15. Bg3 Ne4 16. Be5 Qe7 17. Nxe6 fxe6 18. Bd4 Bxd4 19. Qxd4 Qf6 20. Qxf6 Rxf6 21. f3 Nd6 22. Bd3 Rc8 23. Rfe1 Kf7 24. Rad1 Rc7 25. Re5 Nc4 26. Bxc4 Rxc4 27. h3 Ra4 28. a3 Rg6 29. Re3 Rg8 30. Red3 Rc8 31. Rd4 Rac4 32. Rxc4 Rxc4 33. Kf2 Kf6 34. Ke3 Ke5 35. g4 b5 36. Rh1 1/2-1/2

[Event "SRB-chT (Women)"]
[Site "Novi Sad"]
[Date "2010.08.28"]
[Round "6"]
[White "Rapport, Jovana"]
[Black "Maric, Mirjana"]
[Result "0-1"]
[WhiteElo "2302"]
[BlackElo "2264"]
[PlyCount "29"]
[EventDate "2010.08.23"]
[EventType "team-tourn"]
[EventRounds "11"]
[EventCountry "YUG"]
[SourceTitle "CBM 138 Extra"]
[Source "ChessBase"]
[SourceDate "2010.10.29"]
[SourceVersion "1"]
[SourceVersionDate "2010.10.29"]
[SourceQuality "1"]

1. Nf3 Nf6 2. g3 d5 3. Bg2 e6 4. 0-0 Be7 5. c4 dxc4 6. Qa4+ Nbd7 7. Qxc4 a6 8. Qc2 c5 9. Nc3 Ra7 10. d4 b5 11. Rd1 Bb7 12. e4 b4 13. e5 bxc3 14. exf6 Bxf6 15. dxc5 0-1

[Event "SRB-chT (Women) 1st"]
[Site "Zlatibor"]
[Date "2007.08.30"]
[Round "10"]
[White "Rakic, Marija"]
[Black "Maric, Mirjana"]
[Result "1/2-1/2"]
[WhiteElo "2247"]
[BlackElo "2291"]
[PlyCount "46"]
[EventDate "2007.08.21"]
[EventType "team"]
[EventRounds "11"]
[EventCountry "YUG"]
[SourceTitle "CBM 120 Extra"]
[Source "ChessBase"]
[SourceDate "2007.11.01"]
[SourceVersion "1"]
[SourceVersionDate "2007.11.01"]
[SourceQuality "1"]

1. d4 d5 2. c4 e6 3. Nc3 c6 4. Nf3 f5 5. b3 Nf6 6. Bb2 Bd6 7. g3 0-0 8. Bg2 Nbd7 9. 0-0 Ne4 10. Qc2 Qe7 11. Ne1 Ndf6 12. Nd3 b6 13. f3 Nxc3 14. Qxc3 c5 15. e3 Bb7 16. dxc5 bxc5 17. Rfe1 Rfe8 18. Rac1 Rac8 19. Ne5 Qc7 20. Kh1 Red8 21. Red1 Bxe5 22. Qxe5 Qxe5 23. Bxe5 dxc4 1/2-1/2

[Event "SRB-chT (Women) 1st"]
[Site "Zlatibor"]
[Date "2007.08.23"]
[Round "3"]
[White "Kovacevic, Radmila"]
[Black "Maric, Mirjana"]
[Result "0-1"]
[WhiteElo "2085"]
[BlackElo "2291"]
[PlyCount "96"]
[EventDate "2007.08.21"]
[EventType "team"]
[EventRounds "11"]
[EventCountry "YUG"]
[SourceTitle "CBM 120 Extra"]
[Source "ChessBase"]
[SourceDate "2007.11.01"]
[SourceVersion "1"]
[SourceVersionDate "2007.11.01"]
[SourceQuality "1"]

1. e4 e6 2. d3 c5 3. Nf3 Nc6 4. c3 d5 5. Qe2 Nf6 6. g3 Be7 7. Bg2 0-0 8. 0-0 b6 9. h4 a5 10. Rd1 Ba6 11. e5 Nd7 12. c4 b5 13. cxd5 exd5 14. e6 Nb6 15. d4 b4 16. exf7+ Rxf7 17. Qe6 Qd6 18. Ng5 Qxe6 19. Nxe6 Nxd4 20. Nxd4 cxd4 21. Bf4 Bxh4 22. Bd6 Bd8 23. Rxd4 Bf6 24. Bc5 Bxd4 25. Bxd4 Rb8 26. Nd2 Rd7 27. Nb3 Bb5 28. Nc5 Re7 29. Nb3 a4 30. Nd2 Re2 31. Rd1 Bc6 32. Nf1 a3 33. bxa3 bxa3 34. Rc1 Nc4 35. Ne3 Nxe3 36. fxe3 Ba8 37. Rc7 Rxa2 38. Rxg7+ Kf8 39. Rxh7 Rb1+ 40. Kh2 Bc6 41. Rc7 Rc2 42. Kh3 Rb7 43. Rc8+ Ke7 44. g4 Kd6 45. Kg3 a2 46. g5 Rbb2 47. Bh3 a1Q 48. e4 Qe1+ 0-1

[Event "SRB-ch (Women)"]
[Site "Pancevo"]
[Date "2007.05.06"]
[Round "8"]
[White "Mladenovic, Jelena"]
[Black "Maric, Mirjana"]
[Result "0-1"]
[WhiteElo "2136"]
[BlackElo "2290"]
[PlyCount "68"]
[EventDate "2007.04.28"]
[EventType "tourn"]
[EventRounds "11"]
[EventCountry "YUG"]
[SourceTitle "CBM 118 Extra"]
[Source "ChessBase"]
[SourceDate "2007.07.04"]
[SourceVersion "1"]
[SourceVersionDate "2007.07.04"]
[SourceQuality "1"]

1. e4 e6 2. d3 d5 3. Qe2 Ne7 4. Nf3 c5 5. g3 Nbc6 6. Bg2 g6 7. 0-0 Bg7 8. c3 0-0 9. e5 b6 10. h4 a5 11. a4 Ba6 12. Bf4 Qd7 13. Re1 h6 14. Nbd2 Rad8 15. Nf1 Kh7 16. N1h2 Ng8 17. h5 gxh5 18. Nh4 Nce7 19. Bf3 Ng6 20. Bxh5 Nxh4 21. gxh4 Ne7 22. Ng4 Nf5 23. Nf6+ Bxf6 24. exf6 Nxh4 25. Kh2 Rg8 26. Rg1 Ng6 27. Bxh6 Qd6+ 28. Kh1 Kxh6 29. Qe3+ Nf4 30. Bxf7 d4 31. Qe4 Rxg1+ 32. Rxg1 Qd5 33. Qxd5 Rxd5 34. Rg4 Rf5 0-1

[Event "SRB-ch (Women)"]
[Site "Pancevo"]
[Date "2007.05.03"]
[Round "6"]
[White "Chelushkina, Irina"]
[Black "Maric, Mirjana"]
[Result "1/2-1/2"]
[WhiteElo "2332"]
[BlackElo "2290"]
[PlyCount "83"]
[EventDate "2007.04.28"]
[EventType "tourn"]
[EventRounds "11"]
[EventCountry "YUG"]
[SourceTitle "CBM 118 Extra"]
[Source "ChessBase"]
[SourceDate "2007.07.04"]
[SourceVersion "1"]
[SourceVersionDate "2007.07.04"]
[SourceQuality "1"]

1. Nf3 Nf6 2. d4 e6 3. e3 b6 4. Bd3 Bb7 5. 0-0 Be7 6. Qe2 d5 7. Ne5 0-0 8. c3 c5 9. Nd2 Nbd7 10. f4 Ne4 11. Qf3 f5 12. Qe2 Nxe5 13. fxe5 c4 14. Bc2 Qe8 15. Nxe4 fxe4 16. Rxf8+ Bxf8 17. Bd2 Rc8 18. Qg4 Rc7 19. Bd1 Bc8 20. Be2 b5 21. h4 a5 22. a3 Rf7 23. Qh3 Rb7 24. Be1 Bd7 25. Bg4 Rb6 26. h5 h6 27. Bg3 Be7 28. Bf4 Qd8 29. Be2 Bg5 30. Qg3 Rb8 31. Kh2 Qe7 32. Bxg5 hxg5 33. Rf1 Rf8 34. Rxf8+ Kxf8 35. Qh3 Kg8 36. h6 gxh6 37. Qxh6 Qh7 38. Qh3 Qxh3+ 39. Kxh3 Kg7 40. Bh5 Kh6 41. Bd1 a4 42. Kg3 1/2-1/2

[Event "SRB-ch (Women)"]
[Site "Pancevo"]
[Date "2007.04.29"]
[Round "2"]
[White "Stojanovic, Marija R"]
[Black "Maric, Mirjana"]
[Result "0-1"]
[WhiteElo "2169"]
[BlackElo "2290"]
[PlyCount "66"]
[EventDate "2007.04.28"]
[EventType "tourn"]
[EventRounds "11"]
[EventCountry "YUG"]
[SourceTitle "CBM 118 Extra"]
[Source "ChessBase"]
[SourceDate "2007.07.04"]
[SourceVersion "1"]
[SourceVersionDate "2007.07.04"]
[SourceQuality "1"]

1. e4 e5 2. Nf3 Nc6 3. Bb5 a6 4. Ba4 Nf6 5. Qe2 b5 6. Bb3 Bc5 7. c3 d6 8. 0-0 0-0 9. d3 h6 10. Rd1 Re8 11. h3 Bb7 12. Nbd2 Bb6 13. Nf1 Ne7 14. Ng3 c5 15. Nh4 d5 16. Qf3 Ng6 17. Nhf5 c4 18. dxc4 dxe4 19. Qe2 Qc7 20. Nd6 Nf4 21. Bxf4 exf4 22. c5 Bxc5 23. Bxf7+ Kh8 24. Nxe8 Qxf7 25. Nxf6 Qxf6 26. Nf1 f3 27. Qd2 fxg2 28. Nh2 Rf8 29. Ng4 Qf3 30. Kh2 Bc8 31. Rg1 h5 32. Qd5 Bxg4 33. hxg4 Qf4+ 0-1

[Event "SCG-chT (Women)"]
[Site "Budva"]
[Date "2003.??.??"]
[Round "11.43"]
[White "Maric, Mirjana"]
[Black "Jovanovic, Violeta"]
[Result "0-1"]
[WhiteElo "2300"]
[BlackElo "2125"]
[PlyCount "104"]
[EventDate "2003.09.??"]
[EventType "team"]
[EventRounds "11"]
[EventCountry "YUG"]
[SourceTitle "CBM 096 Extra"]
[Source "ChessBase"]
[SourceDate "2003.10.22"]
[SourceVersion "2"]
[SourceVersionDate "2003.10.20"]
[SourceQuality "1"]

1. d4 Nf6 2. g3 c5 3. c3 g6 4. Bg2 Bg7 5. e4 cxd4 6. cxd4 d6 7. Nc3 0-0 8. Nge2 Nc6 9. d5 Ne5 10. f4 Nc4 11. b3 Nb6 12. h3 Nh5 13. Bb2 e6 14. dxe6 fxe6 15. 0-0 e5 16. Nd5 Be6 17. fxe5 Bxd5 18. exd5 Qg5 19. Rxf8+ Rxf8 20. Qc1 Qf5 21. Qe3 Re8 22. Rf1 Qc2 23. Bd4 Bxe5 24. Qf3 Bf6 25. Bxf6 Qxe2 26. Bg5 Qxf3 27. Rxf3 Re5 28. Bh6 Ng7 29. Rf6 Nc8 30. Rf2 Nf5 31. Bf4 Re1+ 32. Kh2 Ne3 33. g4 Kg7 34. Kg3 Nxg2 35. Kxg2 Rd1 36. Rc2 Nb6 37. Rc7+ Kf6 38. Kf3 Nxd5 39. Rxb7 Rf1+ 40. Ke4 Nxf4 41. h4 d5+ 42. Kd4 Rd1+ 43. Kc5 a5 44. Rxh7 d4 45. Rd7 d3 46. Rd6+ Ke5 47. Rd7 d2 48. Kb5 Nd5 49. h5 gxh5 50. gxh5 Rh1 51. Kc4 Rc1+ 52. Kb5 d1Q 0-1

[Event "YUG-ch (Women)"]
[Site "Budva"]
[Date "2002.??.??"]
[Round "?"]
[White "Maric, Mirjana"]
[Black "Drljevic, Ljilja"]
[Result "1-0"]
[WhiteElo "2285"]
[BlackElo "2115"]
[PlyCount "71"]
[EventDate "2002.08.??"]
[EventType "team"]
[EventRounds "9"]
[EventCountry "YUG"]
[SourceTitle "EXT 2003"]
[Source "ChessBase"]
[SourceDate "2002.11.25"]
[SourceVersion "1"]
[SourceVersionDate "2002.11.25"]
[SourceQuality "1"]

1. e4 d6 2. d4 Nf6 3. Bd3 e5 4. c3 g6 5. f4 Bg7 6. Nf3 exd4 7. cxd4 0-0 8. Nc3 c5 9. dxc5 dxc5 10. 0-0 Nc6 11. e5 Ng4 12. Be4 Nd4 13. h3 Nh6 14. Be3 f6 15. Nxd4 cxd4 16. Bxd4 fxe5 17. Qb3+ Kh8 18. Bxe5 Bxe5 19. fxe5 Bf5 20. Rad1 Qg5 21. Bxb7 Qe3+ 22. Kh1 Rae8 23. Rfe1 Qf2 24. Ne4 Bxe4 25. Bxe4 Qh4 26. Bb7 Re7 27. Re4 Qf2 28. Qe3 Qxe3 29. Rxe3 Nf5 30. Ree1 h5 31. e6 g5 32. Rd7 g4 33. Kg1 Kg7 34. hxg4 hxg4 35. Re4 Rxd7 36. exd7 1-0

[Event "YUG-ch (Women)"]
[Site "Budva"]
[Date "2002.??.??"]
[Round "?"]
[White "Maric, Mirjana"]
[Black "Tadic, Katarina"]
[Result "1-0"]
[WhiteElo "2285"]
[BlackElo "2141"]
[PlyCount "69"]
[EventDate "2002.08.??"]
[EventType "team"]
[EventRounds "9"]
[EventCountry "YUG"]
[SourceTitle "EXT 2003"]
[Source "ChessBase"]
[SourceDate "2002.11.25"]
[SourceVersion "1"]
[SourceVersionDate "2002.11.25"]
[SourceQuality "1"]

1. e4 c5 2. c3 d5 3. exd5 Qxd5 4. d4 g6 5. Na3 a6 6. Be3 cxd4 7. Qxd4 Nf6 8. Qxd5 Nxd5 9. Bd4 f6 10. Bc4 Nf4 11. g3 e5 12. gxf4 exd4 13. cxd4 Bb4+ 14. Kf1 Bxa3 15. bxa3 b5 16. Bd5 Ra7 17. Rc1 Kd8 18. Ne2 Bf5 19. Kg2 Rd7 20. Bf3 Bd3 21. Rhd1 Bc4 22. Rd2 Rd6 23. a4 Nd7 24. axb5 axb5 25. Nc3 f5 26. Rb1 Ra6 27. Nxb5 Bxa2 28. Ra1 Rb6 29. Na7 Bb3 30. Nc6+ Kc7 31. Ra7+ Kd6 32. Ne5 Nf6 33. d5 Rhb8 34. Rf7 Kc5 35. Rxf6 1-0

[Event "YUG-chT (Women)"]
[Site "Herceg Novi"]
[Date "2001.05.??"]
[Round "10"]
[White "Grujic, Danijela"]
[Black "Maric, Mirjana"]
[Result "1/2-1/2"]
[WhiteElo "2185"]
[BlackElo "2333"]
[PlyCount "68"]
[EventDate "2001.05.??"]
[EventType "team"]
[EventRounds "11"]
[EventCountry "YUG"]
[SourceTitle "CBM 082 Extra"]
[Source "ChessBase"]
[SourceDate "2001.07.03"]
[SourceVersion "1"]
[SourceVersionDate "2001.07.03"]
[SourceQuality "1"]

1. e4 c5 2. Nf3 d6 3. c3 Nf6 4. h3 Nc6 5. Bd3 e5 6. Bc2 d5 7. exd5 Qxd5 8. 0-0 Be7 9. d3 Bf5 10. Qe2 Rd8 11. Rd1 0-0 12. Na3 Bg6 13. Nc4 Bxd3 14. Qxd3 Qxd3 15. Rxd3 Rxd3 16. Bxd3 e4 17. Be2 exf3 18. Bxf3 Rd8 19. Bf4 Nd5 20. Bg3 Nb6 21. Nxb6 axb6 22. Re1 Kf8 23. a4 Bd6 24. Bh4 f6 25. Rd1 Ke7 26. Kf1 Ra8 27. b3 c4 28. bxc4 Rxa4 29. Rb1 Rxc4 30. Rxb6 Nd8 31. Bg3 Bxg3 32. fxg3 Rxc3 33. Bxb7 Nxb7 34. Rxb7+ Kf8 1/2-1/2